000 00731nam a22002537a 4500
001 22200
005 20260415095303.0
008 260407b |||||||| |||| 00| 0 spa d
020 _a007027410X
041 _aESP
082 _a621.38412
_bH28
100 _aHayt, William H.
_eAUT
245 _aAnálisis de circuitos en ingeniería
250 _aQuinta edición
260 _aNaucalpan de Juárez :
_bMcGraw-Hill/Interamericana de México,
_c1993
300 _axviil, 708 páginas :
_btablas, gráficos ;
_c26 cm.
440 _a ;
505 _aEn la portada: Tercera edición en español
650 _aTCA
653 _aCircuitos
654 _aCIM
700 _aKemmerly, Jack E.
_eAUT
942 _cLIB
_dJUS
_fJUS
_n0
_2ddc
999 _c22200
_d22200